Chansons de Benjamin Biolay - Statistiques

Statistiques générales
  • Ce quiz a été pris 16 fois
    4 depuis la dernière actualisation
  • Le résultat moyen est 42 sur 174
Statistiques - réponses
Album Titre % Correct
À l’origine 1 À l’origine
100%
Grand Prix 1 Comment est ta peine ?
100%
Grand Prix 4 Comme une voiture volée
100%
La Superbe 1-1 La Superbe
100%
Le disque bleu 1-1 Le penseur
100%
Palermo Hollywood 1 Palermo Hollywood
100%
Saint-Clair 17 Saint-Clair
100%
La Superbe 1-5 Ton héritage
100%
Volver 1 Volver
100%
La Superbe 1-2 15 août
67%
Le disque bleu 1-2 15 octobre
67%
La Superbe 2-11 15 septembre
67%
Le disque bleu 2-1 Adieu Paris
67%
Le disque bleu 1-5 Au ranch
67%
Trash Yéyé 5 Dans la Merco Benz
67%
Grand Prix 6 Grand Prix
67%
Le disque bleu 1-7 Juste avant de tomber
67%
Rose Kennedy 3 Les Cerfs-volants
67%
Saint-Clair 2 Les joues roses
67%
Le disque bleu 2-8 Les passantes
67%
La Superbe 2-7 Lyon presqu'île
67%
À l’origine 2 Mon amour m'a baisé
67%
Négatif 13 Négatif
67%
Rose Kennedy 1 Novembre toute l'année
67%
Le disque bleu 2-9 Ooooooo
67%
Grand Prix 7 Papillon noir
67%
Saint-Clair 9 Petit chat
67%
Saint-Clair 10 Pieds nus sur le sable
67%
Trash Yéyé 8 Qu'est-ce que ça peut faire
67%
Le disque bleu 1-11 Résidents, visiteurs
67%
Rose Kennedy 10 Rose Kennedy
67%
Saint-Clair 11 Saint-Germain
67%
Le disque bleu 1-4 Soleil profond
67%
Le disque bleu 1-6 Testament
67%
Vengeance 13 Vengeance
67%
La Superbe 1-11 Brandt Rhapsodie
33%
La Superbe 2-5 Buenos Aires
33%
Trash Yéyé 9 Cactus concerto
33%
Saint-Clair 6 De la beauté là où il n’y en a plus
33%
Négatif 8 Des lendemains qui chantent
33%
Saint-Clair 15 Forever
33%
Volver 5 Happy Hour
33%
Volver 15 Hollywood Palermo
33%
Grand Prix 3 Idéogrammes
33%
Grand Prix 13 Interlagos (Saudade)
33%
Palermo Hollywood 5 La Débandade
33%
Trash Yéyé 6 La Garçonnière
33%
Trash Yéyé 11 Laisse aboyer les chiens
33%
Saint-Clair 16 La traversée
33%
Saint-Clair 4 Les lumières de la ville
33%
Le disque bleu 2-6 Les trois amis
33%
À l’origine 7 L'Histoire d'un garçon
33%
Négatif 7 Little Darlin'
33%
Rose Kennedy 5 L'Observatoire
33%
Rose Kennedy 8 Los Angeles
33%
Grand Prix 8 Ma route
33%
Le disque bleu 2-3 Mauvais garçon
33%
Le disque bleu 2-7 Mes souvenirs
33%
La Superbe 1-4 Miss Catastrophe
33%
Palermo Hollywood 2 Miss Miss
33%
Le disque bleu 1-8 Mon pays
33%
Le disque bleu 1-3 Morpheus Tequila
33%
Saint-Clair 14 Mort de joie
33%
La Superbe 1-7 Night Shop
33%
Saint-Clair 12 Numéros magiques
33%
Le disque bleu 1-9 Oh la guitare
33%
Grand Prix 10 Où est passée la tendresse ?
33%
La Superbe 1-3 Padam
33%
Palermo Hollywood 12 Pas d’ici
33%
Saint-Clair 13 Pourtant
33%
Vengeance 2 Profite
33%
Trash Yéyé 10 Rendez vous qui sait
33%
Saint-Clair 3 Rends l’amour !
33%
Volver 7 Roma (amoR)
33%
Saint-Clair 8 Sainte-Rita
33%
Saint-Clair 7 Santa Clara
33%
Grand Prix 12 Souviens-toi l’été dernier
33%
Le disque bleu 1-12 Trois grammes
33%
Saint-Clair 5 (Un) Ravel
33%
Grand Prix 5 Vendredi 12
33%
Grand Prix 9 Virtual Safety Car
33%
Grand Prix 2 Visage pâle
33%
À l’origine 12 Adieu triste amour
0%
Vengeance 1 Aime mon amour
0%
Volver 10 Arrivederci
0%
La Superbe 2-4 Assez parlé de moi
0%
Volver 14 Avec le temps
0%
Palermo Hollywood 14 Ballade française
0%
Vengeance 10 Belle époque (Night Shop #2)
0%
Trash Yéyé 1 Bien avant
0%
Négatif 1 Billy Bob a raison
0%
Palermo Hollywood 3 Borges Futbol Club
0%
Saint-Clair 1 Calidum cor, frigidum caput
0%
Volver 9 Ça vole bas
0%
Négatif 5 Chaise à Tokyo
0%
Le disque bleu 2-5 Chanson de pluie
0%
Négatif 9 Chère inconnue
0%
Vengeance 14 Confettis
0%
À l’origine 8 Cours
0%
À l’origine 6 Dans mon dos
0%
Trash Yéyé 4 Dans ta bouche
0%
Trash Yéyé 12 De beaux souvenirs
0%
Trash Yéyé 2 Douloureux dedans
0%
Volver 2 ¡Encore Encore!
0%
Négatif 14 Exsangue
0%
Négatif 10 Glory Hole
0%
À l’origine 5 Ground Zero Bar
0%
Négatif 3 Hors la vie
0%
Volver 8 Hypertranquille
0%
La Superbe 2-10 Jaloux de tout
0%
Négatif 6 Je ne t'ai pas aimé
0%
Le disque bleu 2-11 Kika
0%
Trash Yéyé 7 La Chambre d'amis
0%
Rose Kennedy 14 La Dernière heure du dernier jour
0%
Vengeance 12 La Fin de la fin
0%
Volver 13 L'Alcool, l'absence
0%
Rose Kennedy 4 La Mélodie du bonheur
0%
Volver 6 La Mémoire
0%
Rose Kennedy 6 La Monotonie
0%
Palermo Hollywood 9 La Noche Ya No Existe
0%
Rose Kennedy 9 La Palmeraie
0%
Négatif 2 La Pénombre des Pays-Bas
0%
À l’origine 10 L'Appât
0%
Grand Prix 11 La roue tourne
0%
Le disque bleu 2-10 La sieste
0%
La Superbe 1-10 La Toxicomanie
0%
Négatif 11 La Vanité
0%
Volver 3 Le Nuage
0%
La Superbe 2-12 Les Grands ensembles
0%
Rose Kennedy 12 Les Joggers sur la plage
0%
Vengeance 3 Le Sommeil attendra
0%
La Superbe 2-1 L'espoir fait vivre
0%
Rose Kennedy 2 Les Roses et les Promesses
0%
Vengeance 11 L'Insigne honneur
0%
À l’origine 3 Ma chair et tendre
0%
Volver 4 Mala Siempre
0%
Vengeance 6 Marlène déconne
0%
La Superbe 2-8 Mélancolique
0%
À l’origine 4 Même si tu pars
0%
À l’origine 14 Mes peines de cœur
0%
À l’origine 11 Me voilà bien
0%
Négatif 12 Negative Folk Song
0%
Le disque bleu 2-2 Ne me laisse jamais sortir
0%
Vengeance 8 Ne regrette rien
0%
Négatif 4 Nuits blanches
0%
Le disque bleu 2-12 Où as-tu mis l'été ?
0%
Palermo Hollywood 4 Palermo Queens
0%
Palermo Hollywood 10 Palermo Soho
0%
Palermo Hollywood 8 Palermo Spleen
0%
Volver 11 Pardonnez-moi
0%
À l’origine 9 Paris Paris
0%
Palermo Hollywood 11 Pas sommeil
0%
Le disque bleu 1-10 Pauline partout, Justine nulle part
0%
Vengeance 7 Personne dans mon lit
0%
La Superbe 2-2 Prenons le large
0%
La Superbe 2-6 Raté
0%
Trash Yéyé 3 Regarder la lumière
0%
Palermo Hollywood 6 Ressources humaines
0%
La Superbe 2-9 Reviens mon amour
0%
La Superbe 1-9 Sans viser personne
0%
La Superbe 1-6 Si tu suis mon regard
0%
Rose Kennedy 7 Soixante-douze trombones avant la grande parade
0%
Vengeance 4 Sous le Lac gelé
0%
Rose Kennedy 11 Sous le soleil du mois d'août
0%
Volver 12 Sur la comète
0%
À l’origine 13 Tant le ciel était sombre
0%
Palermo Hollywood 7 Tendresse Année Zéro
0%
La Superbe 2-3 Tout ça me tourmente
0%
Le disque bleu 2-4 Tout nu et tout mouillé
0%
Vengeance 9 Trésor trésor
0%
La Superbe 1-8 Tu es mon amour
0%
Rose Kennedy 13 Un été sur la côte
0%
Vengeance 5 Venganza
0%
Palermo Hollywood 13 Yokoonomatopea
0%
Aucun quiz correspondant
Distribution des résultats
% des personnes avec chaque résultat
Percentile par nombre de réponses
Votre historique - résultats
Vous n’avez pas pris ce quiz depuis la dernière actualisation